Selecciones nacionales con más goles por edición de la Eurocopa - Estadísticas

Estadísticas generales
  • Esta prueba ha sido intentada 69 veces
    53 desde el último reinicio
  • La puntuación promedio es 20 de 22
Estadísticas de respuestas
Año Goles Equipo % Correcto
1964 4 España
100%
2008 12 España
100%
2012 12 España
100%
2020 13 España
100%
2024 15 España
100%
1984 14 Francia
100%
2000 13 Francia
100%
2016 13 Francia
100%
2004 10 Inglaterra
98%
1992 7 Alemania
96%
1996 10 Alemania
96%
1972 5 Alemania Occidental
96%
1976 6 Alemania Occidental
96%
1980 6 Alemania Occidental
96%
1968 3 Italia
96%
2020 13 Italia
96%
1988 8 Países Bajos
81%
2000 13 Países Bajos
81%
1964 4 Hungría
77%
1960 6 Yugoslavia
69%
2004 10 República Checa
60%
1964 4 Unión Soviética
50%
No se encontraron pruebas coincidentes
Distribución de puntuación
Porcentaje de gente con cada puntuación
Porcentaje por número respondido
Historial de tus puntuaciones
No has intentado esta prueba desde el último reinicio